Statistics for 50 Largest Virginia Cities & Towns - 2014 Census Estimate

Click here to take the quiz!

General Stats

  • This quiz has been taken 79 times
  • The average score is 25 of 50

Answer Stats

AnswerPopulation% Correct
Richmond217853
97%
Virginia Beach450980
94%
Alexandria150575
90%
Norfolk245428
89%
Roanoke99428
89%
Blacksburg43985
84%
Charlottesville45593
84%
Hampton136879
81%
Lynchburg79047
81%
Chesapeake233371
79%
Newport News182965
79%
Manassas42081
76%
Harrisonburg52478
73%
Suffolk86806
73%
Danville42444
71%
Leesburg49496
71%
Williamsburg14691
68%
Fairfax24483
65%
Fredericksburg28350
65%
Portsmouth96004
65%
Petersburg32701
62%
Staunton24538
60%
Winchester27543
60%
Lexington7311
56%
Falls Church13601
44%
Bristol17184
43%
Salem25483
43%
Radford17646
41%
Martinsville13711
35%
Farmville8229
33%
Christiansburg21805
32%
Wytheville8133
32%
Front Royal15038
30%
Waynesboro21366
30%
Manassas Park15174
29%
South Boston7986
29%
Vienna16459
29%
Ashland7328
27%
Culpeper17411
24%
Poquoson12048
24%
Colonial Heights17731
22%
Herndon24554
22%
Franklin8526
21%
Warrenton9907
21%
Hopewell22196
17%
Pulaski8909
17%
Abingdon8146
16%
Smithfield8287
16%
Purcellville8929
13%
Vinton8180
6%

Score Distribution

Percentile by Number Answered

Percent of People with Each Score

Your Score History

You have not taken this quiz